LEADER 01802nam0-22005651i-450- 001 990008633110403321 005 20110506135301.0 010 $a978-88-503-2580-1 035 $a000863311 035 $aFED01000863311 035 $a(Aleph)000863311FED01 035 $a000863311 100 $a20080312d2008----km-y0itaa50------ba 101 1 $aita$ceng 102 $aIT 105 $aa---a---001yy 200 1 $aProbabilità e statistica per l'ingegneria e le scienze$fSheldon M. Ross$gedizione italiana a cura di Francesco Morandin 205 $a2. ed. 210 $aMilano$cApogeo$dc2008 215 $axvii, 597 p.$cill.$d24 cm 225 1 $aIdee & strumenti 454 0$12001$aIntroduction to probability and statistics for engineers and scientists$1205$a3rd ed.$1210$cElsevier$dc2004$914493 610 0 $aStatistica matematica 610 0 $aStatistica 610 0 $aProbabilità$aStatistica 676 $a519.2 700 1$aRoss,$bSheldon M.$020432 702 1$aMorandin,$bFrancesco 801 0$aIT$bUNINA$gRICA$2UNIMARC 901 $aBK 912 $a990008633110403321 952 $a519.2-ROS-3$b5013$fSC1 952 $a519.2-ROS-3A$b5014$fSC1 952 $a519.2-ROS-3B$b5015$fSC1 952 $a519.2-ROS-3C$b5038$fSC1 952 $a519.2-ROS-3D$b5039$fSC1 952 $a519.2-ROS-3E$b5040$fSC1 952 $a519.2-ROS-3F$b5214$fSC1 952 $a519.2-ROS-3G$b5215$fSC1 952 $a519.2-ROS-3H$b5365$fSC1 952 $a13 27 02$b15862$fFINBC 952 $a23 01 A 20$b15861$fFINAG 952 $a23 01 A 21$b15860$fFINAG 952 $a90 A 3a 31$b3358$fFMEBC 959 $aSC1 959 $aFINBC 959 $aFINAG 959 $aFMEBC 996 $aIntroduction to probability and statistics for engineers and scientists$914493 997 $aUNINA LEADER 00997nam a22002651i 4500 001 991000865259707536 005 20071024 008 100927s2007 it a | | |||ita 020 $a9788802055299 035 $ab13923808-39ule_inst 040 $aDip.to Beni Arti e Storia$bita 082 04$a721.04496$221 245 10$aAtlante del vetro /$cChristian Schittich ... [et. al.] 260 $aTorino :$bUTET,$c2007 300 $a334 p :.$bill. ;$c30 cm. 440 0$aGrande atlante di architettura ; $v6 500 $aTrad. di Luca Trentini 500 $aSegue: Normativa italiana, di Antonio Galeotto 700 $aSchittich, Christian$eauthor$4http://id.loc.gov/vocabulary/relators/aut 907 $a.b13923808$b28-01-14$c27-09-10 912 $a991000865259707536 945 $aLE019 A13 AR E 24$g1$i2019000061490$lle019$op$pE100.00$q-$rl$s- $t0$u0$v0$w0$x0$y.i15176253$z27-09-10 996 $aAtlante del vetro$9116692 997 $aUNISALENTO 998 $ale019$b27-09-10$cm$da $e-$fita$git $h0$i0